LEADER 02809nlm0 22007691i 450 001 990009258430403321 010 $a9783540896463 035 $a000925843 035 $aFED01000925843 035 $a(Aleph)000925843FED01 035 $a000925843 100 $a20100926d2008----km-y0itay50------ba 101 0 $aeng 102 $aDE 135 $adrnn-008mamaa 200 1 $aAdvances in Visual Computing$bRisorsa elettronica$e4th International Symposium, ISVC 2008, Las Vegas, NV, USA, December 1-3, 2008. Proceedings, Part II$fedited by David Hutchison, Takeo Kanade, Josef Kittler, Jon M. Kleinberg, Friedemann Mattern, John C. Mitchell, Moni Naor, Oscar Nierstrasz, C. Pandu Rangan, Bernhard Steffen, Madhu Sudan, Demetri Terzopoulos, Doug Tygar, Moshe Y. Vardi, Gerhard Weikum, George Bebis, Richard Boyle, Bahram Parvin, Darko Koracin, Paolo Remagnino, Fatih Porikli, Jörg Peters, James Klosowski, Laura Arns, Yu Ka Chun, Theresa-Marie Rhyne, Laura Monroe 210 $aBerlin ; Heidelberg$cSpringer$d2008 225 1 $aLecture Notes in Computer Science$x0302-9743$v5359 230 $aDocumento elettronico 336 $aTesto 337 $aFormato html, pdf 702 1$aArns,$bLaura 702 1$aBebis,$bGeorge 702 1$aBoyle,$bRichard 702 1$aChun,$bYu Ka 702 1$aHutchison,$bDavid 702 1$aKanade,$bTakeo 702 1$aKittler,$bJosef 702 1$aKleinberg,$bJon M. 702 1$aKlosowski,$bJames 702 1$aKoracin,$bDarko 702 1$aMattern,$bFriedemann 702 1$aMitchell,$bJohn C. 702 1$aMonroe,$bLaura 702 1$aNaor,$bMoni 702 1$aNierstrasz,$bOscar 702 1$aPandu Rangan,$bC. 702 1$aParvin,$bBahram 702 1$aPeters,$bJörg 702 1$aPorikli,$bFatih 702 1$aRemagnino,$bPaolo 702 1$aRhyne,$bTheresa-Marie 702 1$aSteffen,$bBernhard 702 1$aSudan,$bMadhu 702 1$aTerzopoulos,$bDemetri 702 1$aTygar,$bDoug 702 1$aVardi,$bMoshe Y. 702 1$aWeikum,$bGerhard 801 0$aIT$bUNINA$gREICAT$2UNIMARC 856 4 $zFull text per gli utenti Federico II$uhttp://dx.doi.org/10.1007/978-3-540-89646-3 901 $aEB 912 $a990009258430403321 961 $aAlgorithm Analysis and Problem Complexity 961 $aArtificial intelligence 961 $aArtificial Intelligence (incl. Robotics) 961 $aBiometrics 961 $aBiometrics 961 $aComputer graphics 961 $aComputer Graphics 961 $aComputer Science 961 $aComputer software 961 $aComputer vision 961 $aImage Processing and Computer Vision 961 $aOptical pattern recognition 961 $aPattern Recognition 996 $aAdvances in Visual Computing$9772261 997 $aUNINA LEADER 01057cam0-2200373---450 001 990004163890403321 005 20241119095423.0 010 $a90-04-03653-9 035 $a000416389 035 $aFED01000416389 035 $a(Aleph)000416389FED01 035 $a000416389 100 $a19990604d1973----km-y0itay50------ba 101 0 $aeng 102 $aNL 105 $ay-------001cy 200 1 $aSome aspects of Epicurean psychology$fDavid Konstan 210 $aLeiden$cE. J. Brill$d1973 215 $aX, 82 p.$d24 cm 225 1 $aPhilosophia antiqua$v25 610 0 $aEpicuro$aStudi 676 $a187 700 1$aKonstan,$bDavid$0162250 702 1$aEpicurus$f<341-270 a. C.> 801 0$aIT$bUNINA$gRICA$2UNIMARC 901 $aBK 912 $a990004163890403321 952 $a187 KOND 001$bBIBL.47568$fFLFBC 952 $aP.1 A/FG 485 BIS$bIst.Fil.Cl.1854$fFLFBC 952 $aP.1 A/FG 485 TER$bIst.Fil.Cl.1244$fNAP03 959 $aFLFBC 959 $aNAP03 996 $aSome aspects of Epicurean psychology$926869 997 $aUNINA